| 000 | 04120nam a22004575i 4500 | ||
|---|---|---|---|
| 001 | 978-3-030-28328-5 | ||
| 003 | DE-He213 | ||
| 005 | 20200904105203.0 | ||
| 007 | cr nn 008mamaa | ||
| 008 | 200810s2020 gw | s |||| 0|eng d | ||
| 020 |
_a9783030283285 _9978-3-030-28328-5 |
||
| 024 | 7 |
_a10.1007/978-3-030-28328-5 _2doi |
|
| 050 | 4 | _aRC681-688.2 | |
| 072 | 7 |
_aMJD _2bicssc |
|
| 072 | 7 |
_aMED010000 _2bisacsh |
|
| 072 | 7 |
_aMJD _2thema |
|
| 082 | 0 | 4 |
_a616.12 _223 |
| 245 | 1 | 0 |
_aPractical Cardiology _h[electronic resource] : _bEvaluation and Treatment of Common Cardiovascular Disorders / _cedited by Ragavendra R. Baliga, Kim A. Eagle. |
| 250 | _a3rd ed. 2020. | ||
| 264 | 1 |
_aCham : _bSpringer International Publishing : _bImprint: Springer, _c2020. |
|
| 300 |
_aIX, 469 p. 121 illus., 49 illus. in color. _bonline resource. |
||
| 336 |
_atext _btxt _2rdacontent |
||
| 337 |
_acomputer _bc _2rdamedia |
||
| 338 |
_aonline resource _bcr _2rdacarrier |
||
| 347 |
_atext file _bPDF _2rda |
||
| 505 | 0 | _aChest Pain -- Dyspnea -- Palpitations -- Edema -- Syncope -- Approach to Claudication -- Coronary Artery Disease -- Primary Prevention of Coronary Artery Disease -- Secondary Prevention of Coronary Artery Disease -- Stable Angina -- Unstable Angina -- Non-ST Elevation Myocardial Infarction -- Acute ST Elevation Myocardial Infarction -- Hypertension -- Primary Hypertension -- Approach to Secondary Hypertension -- Congestive Heart Failure -- Heart Failure Due to Left Ventricular Systolic Dysfunction -- Heart Failure with Preserved Systolic Function -- Arrhythmias -- Paroxysmal Supraventricular Tachycardia -- Atrial Fibrillation & Atrial Flutter -- Ventricular Tachycardia -- Bradycardia -- Valvular Heart Disease -- Infectious Endocarditis -- Mitral Regurgitation -- Aortic Regurgitation -- Mitral Stenosis -- Aortic Stenosis -- Tricuspid -- Pulmonary Valve Disease -- Pericardial Disease & Cardiac Neoplasms -- Acute Pericarditis -- Pericardial Effusion -- Pericardial Constriction -- Aortic & Major Vascular Diseases -- Abdominal Aortic Aneurysms -- Nondissecting Thoracic Aneurysms -- Aortic Dissection -- Cerebrovascular Disease -- Deep Venous Thrombosis -- Lower Extremity Ischemia -- Pulmonary Vascular Diseases -- Pulmonary Embolism -- Pulmonary Hypertension & Cor Pulmonale -- Diagnosis & Management -- Congenital Heart Disease in Adults -- Management of Chronic Anticoagulation -- Assessing & Minimizing Cardiac Risk of Noncardiac Surgery -- Management of the Cardiac Surgery Patient -- Complementary & Alternative Medicine. | |
| 520 | _aThis thoroughly updated new edition of the classic practical textbook provides a user-friendly, authoritative guide to evaluation of common cardiovascular symptoms and evaluation and management of common cardiovascular conditions. Coverage also includes clinical challenges such as management of chronic anticoagulation, assessing and minimizing cardiac risk in noncardiac surgery, and management of the cardiac surgery patient. Numerous tables and algorithms help readers find information quickly and aid in clinical decision-making. Practical Cardiology, Evaluation and Treatment of Common Cardiovascular Disorders reflects the current American College of Cardiology/American Heart Association guidelines and provides a concise yet comprehensive handbook presents practical information on the common cardiovascular problems that clinicians encounter daily. | ||
| 650 | 0 | _aCardiology. | |
| 650 | 1 | 4 |
_aCardiology. _0https://scigraph.springernature.com/ontologies/product-market-codes/H33037 |
| 700 | 1 |
_aBaliga, Ragavendra R. _eeditor. _4edt _4http://id.loc.gov/vocabulary/relators/edt |
|
| 700 | 1 |
_aEagle, Kim A. _eeditor. _4edt _4http://id.loc.gov/vocabulary/relators/edt |
|
| 710 | 2 | _aSpringerLink (Online service) | |
| 773 | 0 | _tSpringer Nature eBook | |
| 776 | 0 | 8 |
_iPrinted edition: _z9783030283261 |
| 776 | 0 | 8 |
_iPrinted edition: _z9783030283278 |
| 856 | 4 | 0 | _uhttps://doi.org/10.1007/978-3-030-28328-5 |
| 912 | _aZDB-2-SME | ||
| 912 | _aZDB-2-SXM | ||
| 999 |
_c461409 _d461409 |
||